Kwaidan : y otros cuentos /

Guardat en:
Dades bibliogràfiques
Autor principal: Hearn, Lafcadio (autor)
Altres autors: Gardini, Carlos (preliminares) (preliminares)
Format: Llibre
Idioma:espanyol
Publicat: Buenos Aires, Argentina : Librerías Fausto, 1977, c1977
Etiquetes: Afegir etiqueta
Sense etiquetes, Sigues el primer a etiquetar aquest registre!

MARC

LEADER 00000nam^a2200000^a^4500
001 000560857
005 20250521000000.0
009 20260310131911.942
037 |a Acervo ITESO - Biblioteca 
041 |a ESP 
091 |a FGM. 01319 
100 |a Hearn, Lafcadio  |e (autor) 
245 1 0 |a Kwaidan :  |b y otros cuentos / 
264 4 |a Buenos Aires, Argentina :  |b Librerías Fausto,  |c 1977, c1977 
300 |a 151 p. 
336 |a texto  |b txt  |2 rdacontenido 
337 |a sin mediación  |b n  |2 rdamedio 
338 |a volumen  |b nc  |2 rdasoporte 
649 |a XX 
700 |a Gardini, Carlos  |e (preliminares) 
910 |a Fondo Efraín González Morfín 
920 |a Impresos - Libros 
930 |a Fondos Especiales 
940 |a Literatura 
905 |a 130 
901 |a 0500385944  |b IT2  |c ESL  |i D90927  |u 20250521 
902 |a https://opac.biblio.iteso.mx/vufind/Record/000560857